Logo BPK

Biblioteka

Politechniki Koszalińskiej

Z problematyki nauczania języków obcych : (Rekord nr 8776)

Szczegóły MARC
000 -ETYKIETA REKORDU
podpole kontrolne o stałej długości 01100nam a2200253 i 4500
001 - NUMER KONTROLNY REKORDU
pole kontrolne 8776
003 - IDENTYFIKATOR NUMERU KONTROLNEGO REKORDU
podpole kontrolne KOSZ 005
005 - DATA OSTATNIEJ MODYFIKACJI REKORDU
podpole kontrolne 20191012105747.0
008 - POLE O STAŁEJ DŁUGOŚCI - DANE KONTROLNE
podpole kontrolne o stałej długości 080411s1962 pl g 000 0 pol
015 ## - NUMER BIBLIOGRAFII NARODOWEJ
Numer bibliografii narodowej PB 1962/5928
040 ## - ŹRÓDŁO KATALOGOWANIA
Instytucja, która sporządziła opis WA N
Instytucja, która utworzyła rekord KOSZ 005/ID
Instytucja, która dokonała modyfikacji KOSZ 005/ID
080 ## - UNIWERSALNA KLASYFIKACJA DZIESIĘTNA - UKD
UKD 371.3:40
245 00 - TYTUŁ/ODPOWIEDZIALNOŚĆ
Tytuł Z problematyki nauczania języków obcych :
Ciąg dalszy tytułu wybór artykułów z Księgi pamiątkowej I Zjazdu Neofilologów (1929) i z Neofilologa (1930-1939) /
Pozostałe elementy strefy tytułu i oznaczenia odpowiedzialności wyboru dokonali Antoni Prejbisz, Eugenia Sowińska, Tadeusz Woźnicki ; red. A. Prejbisz.
260 ## - STREFA ADRESU WYDAWNICZEGO
Miejsce wydania Warszawa :
Nazwa wydawcy/dystrybutora Państwowe Zakłady Wydawnictw Szkolnych,
Data publikacji, dystrybucji/powstania dokumentu 1962.
300 ## - STREFA OPISU FIZYCZNEGO
Objętość 227, [1] s. ;
Rozmiary 21 cm.
380 ## - FORMA I TYP PUBLIKACJI
Forma i typ publikacji Książki.
650 #4 - HASŁO PRZEDMIOTOWE W FORMIE NAZWY OGÓLNEJ LUB JEDNOSTKOWEJ
Nazwa ogólna lub geograficzna Języki
Określnik ogólny nauczanie.
700 1# - HASŁO DODATKOWE - NAZWA OSOBOWA
Nazwa osobowa Prejbisz, Antoni
Daty związane z nazwą (1909-1980).
Określenie związku między hasłem a opisywanym materiałem Wybór
700 1# - HASŁO DODATKOWE - NAZWA OSOBOWA
Nazwa osobowa Sowińska, Eugenia.
Określenie związku między hasłem a opisywanym materiałem Wybór
700 1# - HASŁO DODATKOWE - NAZWA OSOBOWA
Nazwa osobowa Woźnicki, Tadeusz
Daty związane z nazwą (1914-1998).
Określenie związku między hasłem a opisywanym materiałem Wybór
710 2# - HASŁO DODATKOWE - NAZWA CIAŁA ZBIOROWEGO
Nazwa ciała zbiorowego lub jednostki geograficznej Państwowe Zakłady Wydawnictw Szkolnych
Kod określenia powiązania pbl.
856 ## - LOKALIZACJA I DOSTĘP DO ELEKTRONICZNYCH DOKUMENTÓW ZDALNYCH
Link (URL) http://koha.tu.koszalin.pl/cgi-bin/koha/opac-detail.pl?biblionumber=8776
Tekst linku Katalog online BPK
942 ## - DODATKOWE ELEMENTY (KOHA)
Schemat klasyfikacji Uniwersalna Klasyfikacja Dziesiętna
Typ dokumentu Książka
Egzemplarze
Wycofany Status egzemplarza Uszkodzony Dostępność Lokalizacja stała Lokalizacja bieżąca Miejsce przechowywania Sygnatura Kod kreskowy Typ dokumentu
      Dostępny Biblioteka Politechniki Koszalińskiej Biblioteka Politechniki Koszalińskiej Wypożyczalnia BG 8311 01771282 Książka
© 2023 Biblioteka Politechniki Koszalińskiej :: KOHA